The geologic history of the Vicksburg national military park area, (Record no. 27205)
[ view plain ]
| 000 -LEADER | |
|---|---|
| fixed length control field | 00763cam a22002291 4500 |
| 001 - CONTROL NUMBER | |
| control field | gs 35000210 |
| 003 - CONTROL NUMBER IDENTIFIER | |
| control field | DLC |
| 005 - DATE AND TIME OF LATEST TRANSACTION | |
| control field | 20260227111340.0 |
| 008 - FIXED-LENGTH DATA ELEMENTS--GENERAL INFORMATION | |
| fixed length control field | 781122s1935 msuab s000 0 eng |
| 010 ## - LIBRARY OF CONGRESS CONTROL NUMBER | |
| LC control number | gs 35000210 |
| 035 ## - SYSTEM CONTROL NUMBER | |
| System control number | (OCoLC)4393357 |
| 040 ## - CATALOGING SOURCE | |
| Original cataloging agency | DLC |
| Transcribing agency | MsSM |
| Modifying agency | DLC |
| 042 ## - AUTHENTICATION CODE | |
| Authentication code | premarc |
| 050 00 - LIBRARY OF CONGRESS CALL NUMBER | |
| Classification number | QE129 |
| Item number | .A2 no. 28 |
| 100 1# - MAIN ENTRY--PERSONAL NAME | |
| Personal name | Morse, William Clifford, |
| Dates associated with a name | 1874- |
| 245 14 - TITLE STATEMENT | |
| Title | The geologic history of the Vicksburg national military park area, |
| Statement of responsibility, etc. | by William Clifford Morse. |
| 260 ## - PUBLICATION, DISTRIBUTION, ETC. | |
| Place of publication, distribution, etc. | [University, Miss.] |
| Date of publication, distribution, etc. | 1935. |
| 300 ## - PHYSICAL DESCRIPTION | |
| Extent | 20 p. |
| Other physical details | front. (fold. map) illus. |
| Dimensions | 23 cm. |
| 490 0# - SERIES STATEMENT | |
| Series statement | Mississippi. State Geological Survey. Bulletin 28 |
| 650 #0 - SUBJECT ADDED ENTRY--TOPICAL TERM | |
| Topical term or geographic name entry element | Geology |
| Geographic subdivision | Mississippi |
| -- | Vicksburg area. |
| 651 #0 - SUBJECT ADDED ENTRY--GEOGRAPHIC NAME | |
| Geographic name | Vicksburg National Military Park (Miss.) |
No items available.